000 00468cam a22001097a 4500
008 180718b xxu||||| |||| 00| 0 eng d
082 _aXA7x5462 H57
245 _aReport on current building activity in rural areas of Himachal Pradesh: national sample survey
_cby Directorate of Economics and Statistics, Himachal Pradesh
260 _aSimla
_bDirectorate of Economics and Statistics
_c
300 _a103p.
700 _aHimachal Pradesh. Directorate of Economics and Statistics
999 _c498887
_d498887